Managerial Computing / (Record no. 1136)
[ view plain ]
| 000 -LEADER | |
|---|---|
| Fixed length control field | 00492nam a2200169 4500 |
| 003 - CONTROL NUMBER IDENTIFIER | |
| Control field | SEACOMMC |
| 005 - DATE AND TIME OF LATEST TRANSACTION | |
| Control field | 20250506154912.0 |
| 008 - FIXED-LENGTH DATA ELEMENTS--GENERAL INFORMATION | |
| Fixed length control field | 250320b |||||||| |||| 00| 0 eng d |
| 020 ## - INTERNATIONAL STANDARD BOOK NUMBER / ISBN | |
| International Standard Book Number | 978-81-828-1161-4 |
| Price | Rs.200.00 |
| 040 ## - CATALOGING SOURCE | |
| Original cataloging agency | SEACOMMC |
| 082 ## - DEWEY DECIMAL CLASSIFICATION NUMBER | |
| Classification number | 658.4038 |
| Book Number | L 183 |
| 100 ## - MAIN ENTRY--PERSONAL NAME | |
| Personal name | Laha, Jasobanta |
| 245 1# - TITLE STATEMENT | |
| Title | Managerial Computing / |
| Statement of responsibility | Jasobanta Laha [and] Manoranjan Dash |
| 260 ## - IMPRINT | |
| Place of publication | New Delhi |
| Name of publisher | Vrinda Publications |
| Date of publication | 2009 |
| 650 ## - SUBJECT ADDED ENTRY--TOPICAL TERM | |
| Topical term | Management include Comp-Sc |
| 942 ## - ADDED ENTRY ELEMENTS (KOHA) | |
| Koha item type | Books |
| Withdrawn status | Lost status | Source of classification | Damaged status | Not for loan | Home library | Current library | Shelving location | Date acquired | Total Checkouts | Call number | Accession number | Date last seen | Price effective from | Koha item type | Checked out | Date checked out | Copy number |
|---|---|---|---|---|---|---|---|---|---|---|---|---|---|---|---|---|---|
| Dewey Decimal Classification | SEACOM MANAGEMENT COLLEGE | SEACOM MANAGEMENT COLLEGE | Reference | 06/10/2009 | 658.4038 L 183 | M-2539 | 20/03/2025 | 20/03/2025 | Reference Books | ||||||||
| Dewey Decimal Classification | SEACOM MANAGEMENT COLLEGE | SEACOM MANAGEMENT COLLEGE | 06/10/2009 | 1 | 658.4038 L 183 | M-2540 | 06/11/2025 | 20/03/2025 | Books | 20/11/2025 | 06/11/2025 | 1 | |||||
| Dewey Decimal Classification | SEACOM MANAGEMENT COLLEGE | SEACOM MANAGEMENT COLLEGE | 06/10/2009 | 658.4038 L 183 | M-2541 | 20/03/2025 | 20/03/2025 | Books | 2 | ||||||||
| Dewey Decimal Classification | SEACOM MANAGEMENT COLLEGE | SEACOM MANAGEMENT COLLEGE | 06/10/2009 | 658.4038 L 183 | M-2542 | 20/03/2025 | 20/03/2025 | Books | 3 | ||||||||
| Dewey Decimal Classification | SEACOM MANAGEMENT COLLEGE | SEACOM MANAGEMENT COLLEGE | 06/10/2009 | 658.4038 L 183 | M-2543 | 20/03/2025 | 20/03/2025 | Books | 4 |
